=LDR 00000nam 2200000 4500 =001 INLIS000000000051727 =005 20171030125855 =035 ##$$a 0010-1017000166 =007 ta =008 171030###########################0###### =082 ##$$a 2x3.9 =084 ##$$a 2x3.9 Sya k =100 #$$a Syari'ati, Ali =245 1#$$a Kritik Islam Atas Marxisme dan Sesat -Pikir Barat Lainnya /$c Ali Syari'ati =260 ##$$a Bandung :$b Mizan,$c 1993 =300 ##$$a 225 hlm ; $c 12 cm =990 ##$$a 1291212912 =990 ##$$a 89.303/Pro-95